Vista normal
Vista MARC
Entrada Personal Name
Número de registros utilizados en: 1
001 - CONTROL NUMBER
- control field: 17821
003 - CONTROL NUMBER IDENTIFIER
- control field: DLC
005 - DATE AND TIME OF LATEST TRANSACTION
- control field: 20260205095331.0
008 - FIXED-LENGTH DATA ELEMENTS
- fixed length control field: 800903n| azannaabn |a aaa
010 ## - LIBRARY OF CONGRESS CONTROL NUMBER
- LC control number: n 50052175
035 ## - SYSTEM CONTROL NUMBER
- System control number: (OCoLC)oca00087099
040 ## - CATALOGING SOURCE
- Original cataloging agency: DLC
- Language of cataloging: spa
- Description conventions: rda
- Transcribing agency: Mx-PuUPA
- Modifying agency: OCoLC
- Modifying agency: DLC
- Modifying agency: CtY
- Modifying agency: Mx-PuUPA
046 ## - SPECIAL CODED DATES
- Birth date: 19080624
- Death date: 19901224
- Source of date scheme: edtf
100 1# - HEADING--PERSONAL NAME
- Personal name: Canedo, Lino Gómez,
- Dates associated with a name: 1908-1990
370 ## - ASSOCIATED PLACE
- Place of birth: La Coruña (España : Provincia)
- Place of death: Ciudad de México (México)
- Source of term: naf
373 ## - ASSOCIATED GROUP
- Associated group: Franciscanos
- Source of term: naf
374 ## - OCCUPATION
- Occupation: Autor
- Occupation: Historiador
375 ## - GENDER
- Gender: hombre
377 ## - ASSOCIATED LANGUAGE
- Language code: spa
400 1# - SEE FROM TRACING--PERSONAL NAME
- Personal name: Gómez Canedo, Lino,
- Dates associated with a name: 1908-1990
670 ## - SOURCE DATA FOUND
- Source citation: López, A.
- Information found: Nuevos estudios ... 1945.
670 ## - SOURCE DATA FOUND
- Source citation: Soto Pérez, J.L. Semblanza del R.P. Fr. Lino Gómez Canedo O.F.M. (1908-1990), 2005:
- Information found: t.p. (b. 1908; d. 1990) p. 11 (b. June 24, 1908)
670 ## - SOURCE DATA FOUND
- Source citation: Correspondencia (1930-1900), 2016:
- Information found: title page (Lino Gómez Canedo) back flap (b. town of Tenda in Laracha, Coruña, Spain; d. in Mexico City on December 24, 1990; became the Franciscan in 1923)